Out of jungles: Common rubber plants (Record no. 64502)

MARC details
000 -LEADER
fixed length control field 00273nam a2200109Ia 4500
100 ## - MAIN ENTRY--AUTHOR NAME
Personal name Nair V K B
245 #0 - TITLE STATEMENT
Title Out of jungles: Common rubber plants
260 ## - PUBLICATION, DISTRIBUTION, ETC. (IMPRINT)
Name of publisher Indian Rubber Grower
Year of publication 1953
300 ## - PHYSICAL DESCRIPTION
Number of Pages 14-Nov
942 ## - ADDED ENTRY ELEMENTS (KOHA)
Koha item type Journals
Holdings
Withdrawn status Lost status Damaged status Not for loan Home library Current library Shelving location Date acquired Serial Enumeration / chronology Koha item type
      Journals RRII Library RRII Library Botany 17/12/2021 Volume 2, Issue 3 Journals